Top 98 Vornamen der 90er Jahre - Statistiken

Allgemein
  • Dieses Quiz wurde 83 mal gespielt
  • Das Durchschnittsergebnis liegt bei 63 aus 98
Antwortstatistiken
📍 Vorname % Korrekt
J.n ♂️ Jan
98%
Ti.m | T.m Timm | Tim
95%
T.m Tom
92%
A.n Ann
90%
M.x Max
89%
K.v.n Kevin
87%
Ma.k | Ma.c Mark | Marc
87%
L.k.s | L.c.s Lukas | Lucas
85%
D.n..l Daniel
84%
Le.n Leon
84%
Al..a.d.r Alexander
82%
An.a ♀️ Anna
82%
M.x.m.l..n Maximilian
82%
Be.j.m.n Benjamin
81%
La.s Lars
81%
Pa.l Paul
81%
Ph.l..p Philipp | Philip
81%
S.r.h | Sa.a Sarah | Sara
81%
Y.n..k | J.n..k Yannik | Yannick | Yannic | Jannik
81%
F.l.x Felix
79%
H.n..h | H.n.a Hannah | Hanna
79%
Ja.a Jana
79%
J.n.s Jonas
79%
J.l.a Julia
79%
S.b..t..n Sebastian
79%
D.n..s Dennis | Denis
77%
Le.a Lena
77%
J.h..n.s Johannes
76%
La.a Lara
76%
T.b..s Tobias
76%
Je.n.f.r Jennifer
74%
K.m Kim
74%
P.t.i.k Patrick | Patrik
74%
D.v.d David
73%
F.b..n Fabian
73%
Fi.n | Fy.n Finn | Fynn
73%
L.u.a Laura
73%
Ma.w.n | Ma.v.n Marwin | Marvin
73%
N.k..s | N.c..s Niklas | Niclas
73%
D.m.n.k | D.m.n.c Dominik | Dominic
71%
J.c.b | J.k.b Jacob | Jakob
71%
K.t.r..a | C.t.r..a Katarina | Katharina | Catarina | Catharina
71%
Li.a Lisa
71%
P.a Pia
71%
Ja.m.n | Ya.m.n Jasmin | Yasmin
69%
Ni.o Niko | Nico
69%
Ni.a Nina
69%
Ch.i.t..h | Ch.i.t.f | K.i.t.f Christoph | Christof | Kristof
68%
J.h.n.a Johanna
68%
Ma.c.l Marcel
68%
M.r..z Moritz
68%
St.f.n.e | St.p..n.e Stefanie | Stephanie
68%
F.a.z.s.a Franziska
66%
Pa.c.l Pascal
66%
R.b.n Robin
66%
L.a | Le.h Lea | Leah
65%
S.m.n Simon
65%
Ti.o Timo
65%
V.n.s.a Vanessa
65%
J.c.u.l..e | J.q..l..e Jacqueline | Jaqueline
63%
Ch.i.t..n | K.i.t..n Christian | Kristian
61%
Mi.e | Ma.k | Me.k Mike | Meik | Maik
61%
Fl.r..n Florian
60%
Is.b.l Isabel
60%
Th..b.n Thorben | Torben
60%
V.v..n | V.v.e..e Vivien | Vivienne
60%
Ch.i.t.p..r Christopher
58%
N.e.s | Ni.s Niels | Nils
58%
Sw.n | Sv.n Swen | Sven
58%
N.t.l.e Natalie | Nathalie
56%
M.r.e Marie
55%
J.l..n Julian
53%
Je.s..a Jessica | Jessika
52%
Al..a.d.a Alexandra
50%
C.r.l.n | K.r.l.n Carolin | Karolin
50%
Le.n..t | Le.n..d Lennart | Lennard
50%
N.d..e Nadine
50%
S.b.i.a Sabrina
50%
M.r.o Marco | Marko
48%
Ne.e | N.e.e Nele | Neele
48%
A.i.a Alina
47%
L.o..e | L.o.i Leonie | Leoni
45%
Sa.k.a Saskia
45%
S.p..e | S.f.e Sophie | Sofie
45%
J.n..e Janine
44%
M.c..l.e Michelle
44%
A.n..a | An..a Annika | Annica | Anica | Anika
40%
K.i.t..a | Ch.i.t..a Kristina | Christina
40%
L.i.a Louisa | Luisa
40%
Sa.d.a Sandra
40%
M.l.n.e Melanie
35%
D.n..e Denise
29%
E.l..n | A.l.n Eileen | Ayleen | Aylin | Aileen
29%
A.t.n.a Antonia
27%
C.a.t.l Chantal
27%
M.l.e Malte
23%
M.l..a Melina
23%
Sv.n.a Svenja
18%
Keine übereinstimmenden Quizze gefunden
Verteilung der Resultate
Anzahl Personen mit jedem Resultat
Perzentil nach korrekt beantworteten Fragen
Ihre Resultats-Entwicklung
Sie haben dieses Quiz noch nicht gespielt